00491 2200181 4500001002100000005001500021035002000036245005400056100001600110300003000126260004400156082000800200084001400208020002200222008004100244990001200285990001200297INLIS00000000000315920251126103315 a0010-11250000201 aRasa Tak Terasa :bKumpulan Cerpen /cAdi Puji W.0 aAdi Puji W. a160 hlm ;c14,5 x 20,5 cm aJakarta :bTeras Karsa Publisher,c2023 a800 a800 ADI r a978-623-88373-6-6251126 0  a0754557 a0754558